000
00342 a2200157 4500
001
168941
020
_a
040
_c
Magnum
100
_a
Silva, Rita de Cassia S.
240
1
0
_a
Cabral discovers maiara
_l
ING
245
1
0
_a
Cabral discovers maiara
362
0
_a
1899
440
1
_a
FTD
697
_a
LITERATURA ESTRANGEIRA
942
_c
BK
999
_c
168941
_d
168941